000 00335nam a2200145Ia 4500
008 210210b1909 xxu||||| |||| 00| 0 eng d
041 _aeng
082 _a516/17
100 _aCOX (John)
245 _aMechanics
260 _aCambridge
_bAt the University Press
_c1909
650 _aMechanics
690 _astatics
906 _a007734
999 _c140352
_d140352